[Event "Gibraltar Masters 2015"]
[Site "Caleta ENG"]
[Date "2015.01.28"]
[Round "2.110"]
[White "Beltz, Franziska"]
[Black "George, Lolomari Erekosima"]
[Result "0-1"]
[WhiteTitle "WFM"]
[WhiteElo "2130"]
[BlackElo "1857"]
[WhiteFideId "4681401"]
[BlackFideId "8501076"]
[EventDate "2015.01.27"]

1. e4 c6 2. d4 d5 3. exd5 cxd5 4. c4 Nf6 5. Nc3 g6 6. Nf3 Bg7 7. c5 O-O 8. Bd3
b6 9. b4 bxc5 10. bxc5 Bg4 11. O-O Nc6 12. Be3 Bxf3 13. Qxf3 e5 14. Bb5 Nxd4 15.
Bxd4 exd4 16. Ne2 Qa5 17. Qd3 Ne4 18. Rac1 Rfc8 19. Bd7 Nxc5 20. Qh3 Nxd7 21.
Qxd7 Re8 22. Rc7 Rf8 23. Rb7 Qxa2 24. Nf4 Rad8 25. Qc7 Qc4 26. Qa5 d3 27. g3 Bd4
28. Rc7 Qb3 29. Qd2 a5 30. Nxd3 a4 31. Nc1 Qb6 32. Qc2 a3 33. Rc6 Qb2 34. Qd3
Bg7 35. Rc2 Qb4 36. Na2 Qe4 37. Qd2 Bd4 38. Re1 Qf5 39. Re2 Bb2 40. Nb4 d4 41.
Nc6 Rd7 42. Re1 Bc3 43. Rxc3 dxc3 44. Qxc3 Ra8 45. Ra1 Rc7 0-1

[Event "Gibraltar Masters 2015"]
[Site "Caleta ENG"]
[Date "2015.01.28"]
[Round "2.111"]
[White "Bohman, Leif"]
[Black "Walton, Alan J"]
[Result "0-1"]
[BlackTitle "CM"]
[WhiteElo "1803"]
[BlackElo "2129"]
[WhiteFideId "1710354"]
[BlackFideId "409898"]
[EventDate "2015.01.27"]

1. d4 e6 2. Nf3 f5 3. Bf4 Nf6 4. e3 b6 5. Nbd2 Bb7 6. Be2 Be7 7. O-O O-O 8. h3
Ne4 9. Nxe4 fxe4 10. Nd2 Bg5 11. Bh2 d6 12. c3 Nd7 13. Qb3 Qe7 14. Rad1 Rf7 15.
Qc2 Nf6 16. b4 a5 17. a3 d5 18. Kh1 Ne8 19. Rc1 Nd6 20. Bxd6 Qxd6 21. f4 Bh4 22.
Rb1 axb4 23. axb4 Raf8 24. c4 g5 25. c5 Qe7 26. Bh5 Rf6 27. fxg5 Bxg5 28. Rxf6
Rxf6 29. Nf1 Qf8 30. Kg1 Rxf1+ 31. Rxf1 Bxe3+ 32. Rf2 Bxd4 33. Kf1 Ba6+ 34. Ke1
Bxf2+ 35. Qxf2 Qxf2+ 36. Kxf2 d4 0-1

[Event "Gibraltar Masters 2015"]
[Site "Caleta ENG"]
[Date "2015.01.28"]
[Round "2.112"]
[White "Weeramantry, Sunil"]
[Black "Mahoney, Ian"]
[Result "1-0"]
[WhiteTitle "FM"]
[WhiteElo "2127"]
[BlackElo "1838"]
[WhiteFideId "9900055"]
[BlackFideId "2612674"]
[EventDate "2015.01.27"]

1. e4 c5 2. Nc3 e6 3. f4 d5 4. exd5 exd5 5. Bb5+ Nc6 6. Bxc6+ bxc6 7. Nf3 Nf6 8.
O-O Be7 9. Ne5 Qc7 10. b3 O-O 11. Ba3 d4 12. Na4 Nd5 13. Qf3 Bf5 14. Bxc5 Bxc5
15. Nxc5 Nb4 16. c3 dxc3 17. dxc3 Nc2 18. Rac1 Qa5 19. b4 Qxa2 20. g4 Bc8 21.
Rf2 1-0

[Event "Gibraltar Masters 2015"]
[Site "Caleta ENG"]
[Date "2015.01.28"]
[Round "2.113"]
[White "Greibrokk, Ingrid Andrea"]
[Black "Wiedersich, Jens"]
[Result "0-1"]
[WhiteElo "1758"]
[BlackElo "2125"]
[WhiteFideId "1518321"]
[BlackFideId "4624114"]
[EventDate "2015.01.27"]

1. e4 c5 2. Nf3 g6 3. d4 cxd4 4. Nxd4 d6 5. Be3 Bg7 6. Nc3 Nf6 7. Bc4 a6 8. f3
Nc6 9. Qd2 Bd7 10. g4 Rc8 11. Bb3 Ne5 12. O-O-O Nc4 13. Bxc4 Rxc4 14. Bh6 Rxd4
15. Qxd4 Bxh6+ 16. Kb1 Bg7 17. h4 Be6 18. Qb4 Qc8 19. h5 O-O 20. hxg6 fxg6 21.
Nd5 Bxd5 22. exd5 Nd7 23. f4 Qc5 24. Qd2 Qb6 25. c3 Rc8 26. Ka1 Nf8 27. f5 Qa5
28. Rh3 Qa4 29. fxg6 Nxg6 30. Rdh1 Qxg4 31. Rxh7 Rf8 32. Qh2 Rf7 33. a3 Be5 34.
Qh6 Rxh7 35. Qxh7+ Kf8 36. Qh6+ Ke8 37. Qe3 Kd7 38. Rg1 Qf5 39. c4 Kc7 40. c5
Qc2 41. cxd6+ exd6 42. Qc1 Qxc1+ 43. Rxc1+ Kb6 44. Ka2 Nf4 45. Rd1 Kc5 46. b4+
Kc4 0-1

[Event "Gibraltar Masters 2015"]
[Site "Caleta ENG"]
[Date "2015.01.28"]
[Round "2.114"]
[White "Daneri, Martin"]
[Black "Christophe-hayot, Romain"]
[Result "1-0"]
[WhiteTitle "CM"]
[WhiteElo "2123"]
[BlackElo "1793"]
[WhiteFideId "104981"]
[BlackFideId "698024"]
[EventDate "2015.01.27"]

1. d4 d5 2. Nf3 Nf6 3. Bf4 g6 4. Nc3 Bg7 5. e3 O-O 6. Be2 Bg4 7. Ne5 Bxe2 8.
Qxe2 c6 9. h4 Nbd7 10. g4 Nxe5 11. Bxe5 Qd7 12. f3 Ne8 13. Bxg7 Kxg7 14. O-O-O
f5 15. g5 Nd6 16. h5 Rh8 17. Rh4 Rae8 18. Rdh1 e6 19. Qh2 Nf7 20. hxg6 Nxg5 21.
Qe5+ Kg8 22. Qg3 Qd8 23. f4 h5 24. fxg5 Kg7 25. Rxh5 Kxg6 26. Rh6+ Kf7 27. g6+
Ke7 28. Qh4+ Kd6 29. Qxd8+ 1-0

[Event "Gibraltar Masters 2015"]
[Site "Caleta ENG"]
[Date "2015.01.28"]
[Round "2.115"]
[White "Opasiak, Dustin Tennessee"]
[Black "Rodriguez Alvarez, Vidal"]
[Result "1/2-1/2"]
[WhiteElo "1729"]
[BlackElo "2122"]
[WhiteFideId "24630217"]
[BlackFideId "3901343"]
[EventDate "2015.01.27"]

1. e4 c5 2. Nf3 e6 3. d4 cxd4 4. Nxd4 Nc6 5. Nc3 Qc7 6. f4 a6 7. Nxc6 bxc6 8.
Be3 d5 9. Qd2 Nf6 10. exd5 cxd5 11. a3 Rb8 12. b4 Bd6 13. Be2 O-O 14. O-O Bb7
15. Bd4 Nd7 16. Rf3 f6 17. Na4 e5 18. fxe5 fxe5 19. Rc3 Qd8 20. Bc5 Nxc5 21.
Nxc5 Bxc5+ 22. Rxc5 Rc8 23. Qe3 Rxc5 24. Qxc5 Qg5 25. Qb6 Bc8 26. Rd1 Bh3 27.
Bf1 Rxf1+ 28. Kxf1 Qxg2+ 29. Ke1 Qh1+ 30. Kd2 Qxh2+ 31. Kc1 Qf4+ 32. Kb1 d4 33.
Qxa6 h5 34. Qg6 Bg4 35. Rh1 e4 36. Qe8+ Kh7 37. Rxh5+ Bxh5 38. Qxh5+ Kg8 39.
Qe8+ Kh7 40. Qh5+ 1/2-1/2

[Event "Gibraltar Masters 2015"]
[Site "Caleta ENG"]
[Date "2015.01.28"]
[Round "2.116"]
[White "Danielsson, Robert"]
[Black "Bauer, Dieter"]
[Result "1-0"]
[WhiteElo "2121"]
[BlackElo "1728"]
[WhiteFideId "1711490"]
[BlackFideId "4667751"]
[EventDate "2015.01.27"]

1. d4 Nf6 2. c4 e6 3. Nc3 Bb4 4. Qb3 c5 5. dxc5 Nc6 6. Nf3 Ne4 7. Bd2 Nxd2 8.
Nxd2 Nd4 9. Qa4 b6 10. e3 Bxc3 11. bxc3 Nf5 12. e4 Nh4 13. g3 Ng6 14. cxb6 Bb7
15. bxa7 h5 16. Rb1 Qc7 17. Qb4 Rxa7 18. Qb6 Qxb6 19. Rxb6 O-O 20. Rb2 Bc6 21.
Bg2 Rfa8 22. Ke2 Rxa2 23. Rhb1 f6 24. f4 e5 25. f5 Ne7 26. Bf3 h4 27. gxh4 Kh7
28. h5 R2a3 29. Kd3 Ra2 30. Bd1 Kh6 31. Rxa2 Rxa2 32. Rb8 Ra1 33. Bf3 Ra8 34.
Rxa8 Bxa8 35. h4 d6 36. c5 dxc5 37. Kc4 Kh7 38. Kxc5 Kg8 39. Be2 Kf8 40. Kd6 Bc6
41. Bd1 Ke8 42. Bc2 Kd8 43. h6 gxh6 44. Ke6 1-0

[Event "Gibraltar Masters 2015"]
[Site "Caleta ENG"]
[Date "2015.01.28"]
[Round "2.117"]
[White "Homer, Neil S"]
[Black "Mehlhorn, Uwe"]
[Result "0-1"]
[WhiteElo "1716"]
[BlackElo "2121"]
[WhiteFideId "418676"]
[BlackFideId "4619552"]
[EventDate "2015.01.27"]

1. Nf3 g6 2. c4 Bg7 3. e4 d6 4. d4 Bg4 5. Be2 Nc6 6. Be3 e5 7. d5 Bxf3 8. Bxf3
Nd4 9. O-O Ne7 10. Nc3 O-O 11. g3 Nxf3+ 12. Qxf3 f5 13. Bg5 Qd7 14. Bxe7 Qxe7
15. exf5 gxf5 16. Qe2 Rae8 17. Rae1 Qf7 18. Qd1 h5 19. h4 a6 20. Re2 Qg6 21. Kh2
Kh7 22. f3 Bf6 23. Rg1 Rg8 24. Reg2 Bd8 25. Ne2 Qf6 26. Qc2 Rg6 27. Rh1 Reg8 28.
Kg1 Kh8 29. Rhh2 Be7 30. Qb1 Bf8 31. Qe1 Bh6 32. Nc3 Qg7 33. Rh3 Re8 34. Re2 Qf7
35. Kh1 Bg7 36. Rhh2 Rg8 37. Rh3 Bf6 38. Rg2 Qg7 39. Ne2 Qh6 40. Nc3 e4 41. fxe4
f4 42. Qf2 Be5 43. Ne2 Rg4 44. Qf3 Qg6 45. Kh2 fxg3+ 46. Nxg3 Rxe4 47. Kg1 Rg4
48. Kh2 Rxc4 0-1

[Event "Gibraltar Masters 2015"]
[Site "Caleta ENG"]
[Date "2015.01.28"]
[Round "2.118"]
[White "Amgalanbaatar, Ravdanlkhumbuu"]
[Black "Bouxo, Luis Antonio Maximino"]
[Result "1-0"]
[WhiteElo "2117"]
[BlackElo "1711"]
[WhiteFideId "4900367"]
[BlackFideId "1904647"]
[EventDate "2015.01.27"]

1. e4 c5 2. Nf3 Nc6 3. d4 cxd4 4. Nxd4 e6 5. c4 Nf6 6. Nc3 a6 7. a3 Qc7 8. Be3
d6 9. Be2 Bd7 10. O-O Ne5 11. Rc1 Rc8 12. b3 Bc6 13. f3 Be7 14. Qe1 Qa5 15. a4
d5 16. cxd5 exd5 17. Nxd5 Qxe1 18. Nxf6+ Bxf6 19. Rfxe1 O-O 20. f4 Ng6 21. Nxc6
bxc6 22. Bxa6 Rb8 23. Bc4 Bb2 24. Rc2 Ba3 25. Ra1 Bb4 26. a5 Ne7 27. a6 Rfc8 28.
Ra4 c5 29. a7 Ra8 30. Ba6 Rc7 31. Rxb4 Rcxa7 32. Bxc5 Rc7 33. Rb7 Rc6 34. Bb5 1-0

[Event "Gibraltar Masters 2015"]
[Site "Caleta ENG"]
[Date "2015.01.28"]
[Round "2.119"]
[White "Aure, Anders Nilsson"]
[Black "Holleland, Sigve"]
[Result "0-1"]
[WhiteElo "1688"]
[BlackElo "2116"]
[WhiteFideId "1514059"]
[BlackFideId "1513672"]
[EventDate "2015.01.27"]

1. c4 e5 2. Nc3 Nf6 3. g3 d5 4. cxd5 Nxd5 5. Bg2 Nb6 6. Nf3 Nc6 7. d3 Be7 8. O-O
Be6 9. Be3 f6 10. Rc1 Nd5 11. Nxd5 Bxd5 12. Qc2 O-O 13. a3 a5 14. Rfd1 a4 15.
Nd2 Bxg2 16. Kxg2 Qd5+ 17. Kg1 Bd6 18. Qc4 Qf7 19. Ne4 Na5 20. Qxf7+ Rxf7 21.
Rc3 Nb3 22. Nd2 Nd4 23. Bxd4 exd4 24. Rc4 Be5 25. f4 b5 26. Rb4 Rb8 27. Rc1 Bd6
28. Rxd4 b4 29. axb4 Bxb4 30. Ne4 f5 31. Ng5 Bd2 32. Rcc4 Be3+ 33. Kf1 Bxd4 34.
Rxd4 Re7 35. Rxa4 h6 36. Nf3 Rxb2 37. Ne5 Rc2 38. Ra8+ Kh7 39. Rf8 g6 40. Rf7+
Rxf7 41. Nxf7 Kg7 42. Ne5 Kf6 43. Kf2 g5 44. h3 Ra2 45. Kf3 Ke6 46. Nc6 Ra6 47.
Nd4+ Kf6 48. Nc2 c5 49. Ne3 Ke6 50. Nc4 Ra1 51. Ne3 Rc1 52. Kf2 Kf6 53. Kf3 h5
54. fxg5+ Kxg5 55. h4+ Kf6 56. Nc4 Ra1 57. Ke3 Rf1 58. Nd2 Ra1 59. Nc4 Ra8 60.
Kf3 Rg8 61. Kf4 Rg4+ 62. Kf3 Rd4 63. Ne3 Rd8 64. Nc4 Ke6 65. Kf4 Rd4+ 66. Kf3
Kd5 67. Ne3+ Ke5 68. Nc4+ Kf6 69. Ne3 Rd8 70. Nc4 Rd7 71. Kf4 Ke6 72. Ke3 Rg7
73. Kf3 Rg8 74. Ne3 Ra8 75. Nc4 Ra1 76. Ne3 Ke5 77. Nc2 Rf1+ 78. Kg2 Rc1 79. Ne3
f4 80. Nc4+ Rxc4 81. dxc4 fxg3 82. Kxg3 Ke4 83. Kf2 Kd4 84. e3+ Kxc4 85. Ke2 Kc3
86. Kf3 c4 87. Kf4 Kd3 88. Kg5 c3 89. Kxh5 c2 90. Kg6 c1=Q 91. h5 Qc6+ 92. Kh7
Qf6 0-1

[Event "Gibraltar Masters 2015"]
[Site "Caleta ENG"]
[Date "2015.01.28"]
[Round "2.120"]
[White "Baert, Andy"]
[Black "Beadle, John R"]
[Result "1-0"]
[WhiteTitle "FM"]
[WhiteElo "2114"]
[BlackElo "1694"]
[WhiteFideId "200107"]
[BlackFideId "402818"]
[EventDate "2015.01.27"]

1. d4 f5 2. e4 fxe4 3. Nc3 Nf6 4. Bg5 b6 5. Bxf6 exf6 6. Qh5+ g6 7. Qd5 Nc6 8.
O-O-O Bb7 9. Qxe4+ Qe7 10. Nd5 Qxe4 11. Nxf6+ Kf7 12. Nxe4 Bh6+ 13. Kb1 Rae8 14.
Nc3 a6 15. Nf3 b5 16. a3 Rhf8 17. Bd3 Kg8 18. Rhe1 Bg7 19. Be4 Kh8 20. Bd5 Nd8
21. Bxb7 Nxb7 22. Ne4 Nd8 23. Nc5 Rxe1 24. Rxe1 1-0

[Event "Gibraltar Masters 2015"]
[Site "Caleta ENG"]
[Date "2015.01.28"]
[Round "2.121"]
[White "Sajjadi, Kimiya"]
[Black "Schaefer, Reyk"]
[Result "0-1"]
[WhiteElo "1634"]
[BlackElo "2104"]
[WhiteFideId "1516434"]
[BlackFideId "4640543"]
[EventDate "2015.01.27"]

1. d4 Nf6 2. c4 e6 3. Nc3 Bb4 4. Qc2 c5 5. e3 Nc6 6. Nf3 O-O 7. Bd3 b6 8. O-O
Bxc3 9. Qxc3 Bb7 10. a3 Ne7 11. Qc2 Rc8 12. Ng5 Ng6 13. dxc5 Rxc5 14. Nf3 Qa8
15. Qe2 d5 16. b4 Rc7 17. Bb2 dxc4 18. Bxc4 Bxf3 19. gxf3 Nh4 20. Rfc1 Nxf3+ 21.
Kf1 Nxh2+ 22. Kg1 Nf3+ 23. Kf1 Nd4 0-1

[Event "Gibraltar Masters 2015"]
[Site "Caleta ENG"]
[Date "2015.01.28"]
[Round "2.122"]
[White "Mareckova, Martina"]
[Black "Kuenitz, Klaus"]
[Result "1-0"]
[WhiteTitle "WFM"]
[WhiteElo "2102"]
[BlackElo "1680"]
[WhiteFideId "327930"]
[BlackFideId "4640713"]
[EventDate "2015.01.27"]

1. e4 e6 2. d3 d5 3. Qe2 Be7 4. Nf3 Nf6 5. g3 b6 6. e5 Nfd7 7. Bg2 c5 8. c4 Bb7
9. Nc3 d4 10. Ne4 Qc7 11. Bf4 Nc6 12. Nd6+ Bxd6 13. exd6 Qb8 14. O-O h6 15. h4
O-O 16. Bh3 Re8 17. Rfe1 Qd8 18. Nh2 e5 19. Bxh6 Nf6 20. d7 Nxd7 21. Qg4 Qf6 22.
Bg5 Qe6 23. Qxe6 fxe6 24. Bg2 Na5 25. Bxb7 Nxb7 26. Ng4 Nd6 27. Nxe5 Nxe5 28.
Rxe5 Nf7 29. Re4 Nxg5 30. hxg5 Kf7 31. Rae1 Re7 32. f4 Rae8 33. Re5 g6 34. a3 a5
35. b3 Rc8 36. Kg2 Rc6 37. g4 Rcc7 38. Kf3 Ra7 39. f5 gxf5 40. gxf5 exf5 41.
Rxe7+ Rxe7 42. Rxe7+ Kxe7 43. Kf4 Ke6 44. a4 1-0

[Event "Gibraltar Masters 2015"]
[Site "Caleta ENG"]
[Date "2015.01.28"]
[Round "2.123"]
[White "Gouait, Raymond"]
[Black "Kandic, Milan"]
[Result "0-1"]
[BlackTitle "FM"]
[WhiteElo "1595"]
[BlackElo "2101"]
[WhiteFideId "20621604"]
[BlackFideId "926752"]
[EventDate "2015.01.27"]

1. d4 Nf6 2. c4 d6 3. Nf3 g6 4. Nc3 Bg7 5. e4 O-O 6. Be2 Nc6 7. O-O e5 8. h3
exd4 9. Nxd4 Nxe4 10. Nxc6 Nxc3 11. Nxd8 Nxd1 12. Rxd1 Rxd8 13. Rb1 Bf5 14. Bd3
Bxd3 15. Rxd3 Re8 16. Re3 Bd4 17. Rxe8+ Rxe8 18. Bf4 Re2 19. Be3 Bxe3 20. fxe3
Rxe3 21. Kf2 Re4 22. b3 f5 23. g3 Kf7 24. Kf3 Rd4 25. Re1 Rd2 26. Re2 Rxe2 27.
Kxe2 Ke6 28. Ke3 Ke5 29. b4 g5 0-1

[Event "Gibraltar Masters 2015"]
[Site "Caleta ENG"]
[Date "2015.01.28"]
[Round "2.124"]
[White "De Rosa, Mariagrazia"]
[Black "Tveten, Per"]
[Result "1-0"]
[WhiteTitle "WFM"]
[WhiteElo "2101"]
[BlackElo "1601"]
[WhiteFideId "815136"]
[BlackFideId "1516701"]
[EventDate "2015.01.27"]

1. e4 e5 2. Nf3 Nc6 3. Bb5 d6 4. c3 Nf6 5. d3 h6 6. O-O Be7 7. Re1 O-O 8. Nbd2
a6 9. Ba4 Bd7 10. Bc2 Bg4 11. h3 Bh5 12. Nf1 Bg6 13. Ng3 Nh5 14. Nxe5 Nxe5 15.
Nxh5 f5 16. d4 Nd7 17. Nf4 Rf6 18. exf5 Bxf5 19. Nd5 Bxc2 20. Nxf6+ Nxf6 21.
Qxc2 d5 22. Bf4 Bd6 23. Bxd6 Qxd6 24. Re5 Ne4 25. Qb3 c6 26. Rxe4 Rf8 27. Rae1
Qf6 28. R4e2 Qg5 29. Qxb7 Kh8 30. Qxc6 Rf6 31. Qc8+ Kh7 32. Qg4 1-0

[Event "Gibraltar Masters 2015"]
[Site "Caleta ENG"]
[Date "2015.01.29"]
[Round "3.2"]
[White "Stefansson, Hannes"]
[Black "Vitiugov, Nikita"]
[Result "1/2-1/2"]
[WhiteTitle "GM"]
[BlackTitle "GM"]
[WhiteElo "2573"]
[BlackElo "2735"]
[WhiteFideId "2300087"]
[BlackFideId "4152956"]
[EventDate "2015.01.27"]

1. e4 e6 2. d4 d5 3. Nc3 Bb4 4. exd5 exd5 5. Bd3 c6 6. Ne2 Ne7 7. O-O Bf5 8.
Bxf5 Nxf5 9. Qd3 Ne7 10. Bg5 Qd7 11. Rae1 O-O 12. Ng3 f6 13. Bf4 Na6 14. a3 Bxc3
15. Qxc3 Ng6 16. Qf3 Rae8 17. h3 Ne5 18. Qc3 Ng6 19. Qf3 Ne5 20. Qc3 Ng6 1/2-1/2

[Event "Gibraltar Masters 2015"]
[Site "Caleta ENG"]
[Date "2015.01.29"]
[Round "3.7"]
[White "Lalith, Babu M.R."]
[Black "Cheparinov, Ivan"]
[Result "1-0"]
[WhiteTitle "GM"]
[BlackTitle "GM"]
[WhiteElo "2537"]
[BlackElo "2681"]
[WhiteFideId "5024595"]
[BlackFideId "2905540"]
[EventDate "2015.01.27"]

1. d4 Nf6 2. c4 e6 3. Nf3 d5 4. Bg5 h6 5. Bxf6 Qxf6 6. Nc3 c6 7. e3 Nd7 8. Qc2
g6 9. Be2 Bg7 10. O-O O-O 11. Rfe1 dxc4 12. Bxc4 Qe7 13. Rad1 a6 14. a4 b5 15.
Bf1 Bb7 16. Ne4 bxa4 17. Qxa4 c5 18. Nfd2 cxd4 19. exd4 Rfd8 20. Nc4 Rab8 21. h3
Ba8 22. Nc3 Nb6 23. Nxb6 Rxb6 24. d5 e5 25. Rd2 Bb7 26. Red1 Qb4 27. Bc4 Bf8 28.
Re2 Rc8 29. Qxb4 Bxb4 30. Ba2 Bd6 31. Ne4 Rd8 32. Nxd6 Rdxd6 33. Rdd2 Rb5 34.
Rxe5 Rc5 35. f4 a5 36. Kf2 Kf8 37. Re3 Rb5 38. Rb3 Rxb3 39. Bxb3 Ke7 40. Ke3 Kd7
41. Bc4 Rb6 42. b3 a4 43. bxa4 Rb4 44. Kd3 Kd6 45. a5 Kc5 46. a6 Rxc4 47. axb7
Rb4 48. d6 Rxb7 49. Ke4 1-0

[Event "Gibraltar Masters 2015"]
[Site "Caleta ENG"]
[Date "2015.01.29"]
[Round "3.8"]
[White "Rodshtein, Maxim"]
[Black "Rasmussen, Allan Stig"]
[Result "1-0"]
[WhiteTitle "GM"]
[BlackTitle "GM"]
[WhiteElo "2680"]
[BlackElo "2526"]
[WhiteFideId "2806851"]
[BlackFideId "1406000"]
[EventDate "2015.01.27"]

1. d4 d5 2. c4 dxc4 3. e4 Nf6 4. e5 Nd5 5. Bxc4 Nb6 6. Bb3 Nc6 7. Ne2 Bf5 8.
Nbc3 Qd7 9. Be3 e6 10. O-O O-O-O 11. Qc1 Kb8 12. Rd1 Nb4 13. Ng3 Bg6 14. a3 N4d5
15. Bg5 Be7 16. Nge4 f6 17. exf6 gxf6 18. Bh4 Rhg8 19. Nc5 Qc6 20. Bg3 e5 21.
N3a4 Nxa4 22. Nxa4 Qb5 23. Bxd5 Qxd5 24. dxe5 Qa5 25. exf6 Bxf6 26. Qf4 Bc2 27.
Rxd8+ Bxd8 28. Nc3 h5 29. Qf7 Qg5 30. h4 Qg4 31. Rc1 Rg7 32. Qe8 Rg8 33. Qe5 Bg6
34. Nb5 Re8 35. Qc5 Qa4 36. Bxc7+ 1-0

[Event "Gibraltar Masters 2015"]
[Site "Caleta ENG"]
[Date "2015.01.29"]
[Round "3.11"]
[White "Blomqvist, Erik"]
[Black "Jones, Gawain C B"]
[Result "1/2-1/2"]
[WhiteTitle "GM"]
[BlackTitle "GM"]
[WhiteElo "2520"]
[BlackElo "2671"]
[WhiteFideId "1709437"]
[BlackFideId "409561"]
[EventDate "2015.01.27"]

1. e4 d6 2. d4 Nf6 3. Nc3 g6 4. f4 Bg7 5. Nf3 O-O 6. Bd3 Nc6 7. e5 dxe5 8. fxe5
Nh5 9. Be3 Bg4 10. Be2 f6 11. exf6 exf6 12. Qd3 Re8 13. O-O-O Qe7 14. Qc4+ Kh8
15. Bd2 Qd6 16. d5 Bxf3 17. gxf3 Ne5 18. Qh4 Qc5 19. f4 Nc4 20. f5 Rxe2 21. Nxe2
Nxd2 22. fxg6 hxg6 23. Nf4 Bh6 24. Nxg6+ Kg7 25. Qxh5 Nc4+ 26. Kb1 Qb4 27. b3
Na3+ 28. Kb2 Nc4+ 29. Kb1 Qc3 30. bxc4 Qb4+ 31. Ka1 Bc1 32. Rxc1 Qc3+ 33. Kb1
Qb4+ 34. Ka1 Qc3+ 1/2-1/2

[Event "Gibraltar Masters 2015"]
[Site "Caleta ENG"]
[Date "2015.01.29"]
[Round "3.13"]
[White "Adhiban, Baskaran"]
[Black "Donchenko, Alexander"]
[Result "1-0"]
[WhiteTitle "GM"]
[BlackTitle "IM"]
[WhiteElo "2630"]
[BlackElo "2511"]
[WhiteFideId "5018471"]
[BlackFideId "24603295"]
[EventDate "2015.01.27"]

1. c4 c5 2. Nf3 Nc6 3. d4 cxd4 4. Nxd4 Nf6 5. g3 Qb6 6. Nb5 a6 7. N5a3 e6 8. Bg2
Bb4+ 9. Nc3 Qa5 10. Bd2 Qc7 11. O-O O-O 12. Bf4 e5 13. Bg5 Bxc3 14. bxc3 d6 15.
Bxf6 gxf6 16. Qd2 Be6 17. Nc2 Kg7 18. Ne3 Na5 19. Bd5 Qc5 20. Rad1 Rad8 21. Qd3
Rg8 22. Qe4 Nc6 23. Qh4 Ne7 24. Bxe6 fxe6 25. Ng4 Rgf8 26. Qh6+ Kh8 27. Nxf6 Rf7
28. Ne4 1-0

[Event "Gibraltar Masters 2015"]
[Site "Caleta ENG"]
[Date "2015.01.29"]
[Round "3.14"]
[White "Kjartansson, Gudmundur"]
[Black "Bachmann, Axel"]
[Result "1-0"]
[WhiteTitle "IM"]
[BlackTitle "GM"]
[WhiteElo "2468"]
[BlackElo "2629"]
[WhiteFideId "2301318"]
[BlackFideId "3700488"]
[EventDate "2015.01.27"]

1. Nf3 g6 2. c4 Bg7 3. Nc3 e5 4. d4 exd4 5. Nxd4 Ne7 6. e4 Nbc6 7. Be3 d6 8. Be2
O-O 9. h4 f5 10. h5 f4 11. Nxc6 bxc6 12. Bd4 Bxd4 13. Qxd4 c5 14. Qd2 g5 15. g3
Kh8 16. gxf4 gxf4 17. Nd5 Nxd5 18. cxd5 Qf6 19. Qc3 Qxc3+ 20. bxc3 Rb8 21. O-O-O
Bd7 22. Rdg1 Rg8 23. Rxg8+ Rxg8 24. Rh4 f3 25. Bxf3 Rf8 26. Bg4 Rf4 27. f3 Kg7
28. Kd2 Kf6 29. Ke3 Kg5 30. h6 Bxg4 31. Rxg4+ Rxg4 32. fxg4 Kxh6 33. Kf4 Kg6 34.
e5 dxe5+ 35. Kxe5 Kg5 36. Ke6 Kxg4 37. Kd7 h5 38. Kxc7 h4 39. d6 h3 40. d7 h2
41. d8=Q h1=Q 42. Qd7+ Kf4 43. Qd6+ Kg4 44. a4 Qa1 45. Qxc5 Kf3 46. a5 Qb2 47.
Qb4 Qd2 48. Qf8+ Kg4 49. Qc8+ Kf4 50. Kb8 a6 51. Qc7+ Kf5 52. c4 Qh6 53. c5 1-0

[Event "Gibraltar Masters 2015"]
[Site "Caleta ENG"]
[Date "2015.01.29"]
[Round "3.15"]
[White "Vishnu Prasanna, V"]
[Black "Naroditsky, Daniel"]
[Result "1/2-1/2"]
[WhiteTitle "GM"]
[BlackTitle "GM"]
[WhiteElo "2463"]
[BlackElo "2622"]
[WhiteFideId "5030692"]
[BlackFideId "2026961"]
[EventDate "2015.01.27"]

1. e4 e5 2. Nf3 Nc6 3. Bb5 a6 4. Ba4 Nf6 5. O-O Be7 6. d3 b5 7. Bb3 d6 8. a3 O-O
9. Nc3 Na5 10. Ba2 Be6 11. d4 Bxa2 12. Rxa2 Nd7 13. Nd5 c6 14. Ne3 Re8 15. b4
Nb7 16. c4 Bf8 17. d5 c5 18. Qe2 bxc4 19. Nxc4 cxb4 20. axb4 a5 21. b5 Nbc5 22.
Ba3 a4 23. Nfd2 Qc7 24. Rb1 Reb8 25. Rab2 Qb7 26. Qe3 f5 27. f3 Rc8 28. b6 Nb3
29. Rxb3 axb3 30. Bxd6 b2 31. Qb3 Ra1 32. Qxb2 Rxb1+ 33. Qxb1 Bxd6 34. Nxd6
Qxb6+ 35. Qxb6 Rc1+ 36. Kf2 Nxb6 37. Nxf5 Rc2 38. Ke3 Rc3+ 39. Ke2 Kf7 40. Ne3 1/2-1/2

[Event "Gibraltar Masters 2015"]
[Site "Caleta ENG"]
[Date "2015.01.29"]
[Round "3.16"]
[White "Grandelius, Nils"]
[Black "Bellon Lopez, Juan Manuel"]
[Result "1-0"]
[WhiteTitle "GM"]
[BlackTitle "GM"]
[WhiteElo "2602"]
[BlackElo "2370"]
[WhiteFideId "1710400"]
[BlackFideId "2200031"]
[EventDate "2015.01.27"]

1. e4 c5 2. Nf3 e6 3. d4 cxd4 4. Nxd4 Nc6 5. Nc3 Qc7 6. f4 Nxd4 7. Qxd4 a6 8.
Be3 b5 9. O-O-O Bb7 10. Bd3 Nf6 11. e5 Nd5 12. Ne4 Nxe3 13. Qxe3 Rc8 14. Kb1 Bd5
15. Rhf1 Qa5 16. b3 Bxe4 17. Bxe4 Qc3 18. Qxc3 Rxc3 19. Bb7 a5 20. Ba6 b4 21.
Bb5 Rc7 22. Rxd7 Rxd7 23. Rd1 Bc5 24. Rxd7 O-O 25. g3 g6 26. Kb2 Bg1 27. Rd2 Bb6
28. c4 Rc8 29. Kc2 h5 30. Ba6 Rc7 31. Kd1 Kf8 32. Ke2 Ke7 33. Bb5 Bc5 34. Kf3
Ra7 35. Ke4 Rc7 36. Ba4 Ra7 37. Bc6 Rc7 38. Bb5 Ra7 39. h3 Rc7 40. g4 hxg4 41.
hxg4 Ra7 42. Rd1 Rc7 43. Ba4 Rb7 44. f5 gxf5+ 45. gxf5 exf5+ 46. Kxf5 Rc7 47.
Rd5 Kf8 48. Rd8+ Kg7 49. Ra8 Bf2 50. Rxa5 Rc5 51. Rxc5 Bxc5 52. Ke4 Kf8 53. Kd5
Bf2 54. Kd6 1-0

[Event "Gibraltar Masters 2015"]
[Site "Caleta ENG"]
[Date "2015.01.29"]
[Round "3.17"]
[White "Venkatesh, M.R."]
[Black "Ganguly, Surya Shekhar"]
[Result "1/2-1/2"]
[WhiteTitle "GM"]
[BlackTitle "GM"]
[WhiteElo "2460"]
[BlackElo "2595"]
[WhiteFideId "5005779"]
[BlackFideId "5002150"]
[EventDate "2015.01.27"]

1. e4 e5 2. Nf3 Nc6 3. Bb5 a6 4. Ba4 Nf6 5. d3 b5 6. Bb3 Bc5 7. a4 Rb8 8. axb5
axb5 9. Nc3 d6 10. Nd5 h6 11. c3 O-O 12. O-O Nxd5 13. Bxd5 Ne7 14. Bb3 Ng6 15.
Be3 Qf6 16. Ne1 b4 17. d4 Bb6 18. Qf3 Qh4 19. Bd5 c6 20. Bc4 Bg4 21. Qg3 Qxg3
22. hxg3 d5 23. exd5 cxd5 24. Ba6 bxc3 25. bxc3 e4 26. Nc2 Be6 27. Nb4 Bc7 28.
Rfb1 Bd6 29. Nc6 Rxb1+ 30. Rxb1 Ra8 31. Bb7 Ra3 32. Nd8 Rxc3 1/2-1/2